Ética del abogado / (Registro nro. 5874)

Detalles MARC
000 -LEADER
fixed length control field 00888nam a2200229Ia 4500
003 - CONTROL NUMBER IDENTIFIER
control field OSt
005 - DATE AND TIME OF LATEST TRANSACTION
control field 20200727215121.0
008 - FIXED-LENGTH DATA ELEMENTS--GENERAL INFORMATION
fixed length control field 191128t1985 ck fr 000 0 spa d
040 ## - CATALOGING SOURCE
Original cataloging agency CO-JMCR
Transcribing agency CO-JMCR
041 0# - LANGUAGE CODE
Language code of text/sound track or separate title spa
082 04 - DEWEY DECIMAL CLASSIFICATION NUMBER
Classification number 340.023 /
Item number M753e
Edition number 23
100 1# - MAIN ENTRY--PERSONAL NAME
Personal name Monroy Cabra, Marco Gerardo,
Relator term autor
9 (RLIN) 7938
245 10 - TITLE STATEMENT
Title Ética del abogado /
Statement of responsibility, etc. Marco Gerardo Monroy Cabra
260 ## - PUBLICATION, DISTRIBUTION, ETC.
Place of publication, distribution, etc. Bogotá :
Name of publisher, distributor, etc. Librería Jurídicas,
Date of publication, distribution, etc. ©1985
300 ## - PHYSICAL DESCRIPTION
Extent 301 páginas ;
Dimensions 23 cm.
504 ## - BIBLIOGRAPHY, ETC. NOTE
Bibliography, etc. note Bibliografía: páginas 297-301
505 0# - FORMATTED CONTENTS NOTE
Formatted contents note Nociones generales -- Doctrinas éticas -- La abogacía -- Deberes y responsabilidades del abogado -- Características de la abogacía -- Principios básicos de deontología jurídica -- El secreto profesional
650 14 - SUBJECT ADDED ENTRY--TOPICAL TERM
Topical term or geographic name entry element La abogacía
9 (RLIN) 7939
650 14 - SUBJECT ADDED ENTRY--TOPICAL TERM
Topical term or geographic name entry element El secreto profesional
9 (RLIN) 7940
650 14 - SUBJECT ADDED ENTRY--TOPICAL TERM
Topical term or geographic name entry element Derecho disciplinario
9 (RLIN) 517
942 ## - ADDED ENTRY ELEMENTS (KOHA)
Source of classification or shelving scheme Dewey Decimal Classification
Koha item type Books
Existencias
Withdrawn status Lost status Source of classification or shelving scheme Damaged status Not for loan Collection code Home library Current library Date acquired Source of acquisition Total Checkouts Full call number Barcode Date last seen Date last checked out Copy number Koha item type
    Dewey Decimal Classification     Non-fiction Biblioteca Pública José María del Castillo y Rada Biblioteca Pública José María del Castillo y Rada 04/15/2018 Donación 1 340.023 / M753e 430006379 05/16/2024 12/17/2019 Ej.1 Books